• 首页
  • 本馆介绍
  • 公告通知
  • 最新文献
  • 馆藏检索
  • 电子资源
  • 读者导购
  • 参考咨询
  • 我的图书馆
  • 登录
  • 详细信息显示
  • 放入我的书架
  • 预约/预借图书
  • 作者相关作品
  • 分类相关作品
  • 丛书相关作品
  • 出版社相关作品

书目信息

  • 表格格式
  • 工作单格式
  • 卡片格式
书名: Optoelectronics
作者: Edited by Alan Chappell.
分册号:
分册名:
出版地: NEW YORK :
 
出版社: McGRAW-HILL BOOK COMPANY
出版时间: 1978.
页数: 442 p. ;
开本: 20cm.
丛书名:
中图分类号:
科图分类号:
其他分类号: O463:H31
主题词:
电子资源:
000 00445nam 2200157 a 4500
001 E0731164996
005 20070301084527.57
008 070301s1978 00010 eng
020    @cCNY3.20.
040    @aPFT@beng
090    @aO463:H31
099    @dO463:H31@ex8
245    @aOptoelectronics :@bTheory and Practice / @cEdited by Alan Chappell.
260    @aNEW YORK :@bMcGRAW-HILL BOOK COMPANY,@c1978.
300    @a442 p. ;@c20cm.
700    @aChappell, Alan
    
    Optoelectronics : : Theory and Practice / / Edited by Alan Chappell.-NEW YORK : : McGRAW-HILL BOOK COMPANY, , 1978.
    442 p. ; ; 20cm.
    
    
    ISBN CNY3.20.
    
●
相关链接 在E读中查询图书 在五车中查询图书 在当当中查询图书 在豆瓣中查询图书


正题名:Optoelectronics     索取号:O463:H31/x8         预约/预借

序号 登录号 条形码 馆藏地/架位号 状态 备注
1 49113   000638475   第四借阅区/ [索取号:O463:H31/x8] 在馆    
唐山师范学院图书馆 欢迎您!
大连网信软件有限公司© 版权所有